সমান্তরাল : (Record no. 49112)
[ view plain ]
| 000 -LEADER | |
|---|---|
| fixed length control field | 01116nam a2200217 a 4500 |
| 001 - CONTROL NUMBER | |
| control field | 49112 |
| 003 - CONTROL NUMBER IDENTIFIER | |
| rucl marc code | BD-RjUL |
| 005 - DATE AND TIME OF LATEST TRANSACTION | |
| control field | 20211209054633.0 |
| 008 - FIXED-LENGTH DATA ELEMENTS--GENERAL INFORMATION | |
| fixed length control field | 160817s1976 bg ||||| |||| 00| 0 ben d |
| 035 ## - SYSTEM CONTROL NUMBER | |
| System control number | (BD-RjUL)49231 |
| 040 ## - CATALOGING SOURCE | |
| Original cataloging agency | BD-RjUL |
| Language of cataloging | ben |
| Transcribing agency | BD-RjUL |
| Modifying agency | BD-RjUL |
| 041 ## - LANGUAGE CODE | |
| Language code of text/sound track or separate title | ben |
| 082 ## - DEWEY DECIMAL CLASSIFICATION NUMBER | |
| Edition number | 23 |
| Classification number | 891.441 |
| Author mark and year | SOM 1976 |
| 245 ## - TITLE STATEMENT | |
| Title | সমান্তরাল : |
| Remainder of title | বাংলা-ফরাশি কবিতা / |
| Statement of responsibility, etc. | প্রলয় দত্তঃ অনুবাদ; জেরার দ্যুপ্যুইঃ সহযোগীতা; মাহমুদ শাহ কোরেশীঃ সম্পাদনা |
| 260 ## - PUBLICATION, DISTRIBUTION, ETC. (IMPRINT) | |
| Place of publication, distribution, etc. | চট্রগ্রাম : |
| Name of publisher, distributor, etc. | আলিয়স ফ্রসেজ, |
| Date of publication, distribution, etc. | ১৯৭৬ |
| 300 ## - PHYSICAL DESCRIPTION | |
| Pagination | ৫১ পৃ. ; |
| Size | ২১ সেমি. |
| 650 ## - SUBJECT ADDED ENTRY--TOPICAL TERM | |
| Topical term or geographic name as entry element | বাংলা কবিতা |
| 9 (RLIN) | 147708 |
| Topical term or geographic name as entry element | Bengali poetry |
| 9 (RLIN) | 147709 |
| 700 ## - ADDED ENTRY--PERSONAL NAME | |
| Personal name | প্রলয় দত্তঃ অনুবাদ; জেরার দ্যুপ্যুইঃ সহযোগীতা; মাহমুদ শাহ কোরেশীঃ সম্পাদনা |
| 942 ## - ADDED ENTRY ELEMENTS (KOHA) | |
| Source of classification or shelving scheme | Dewey Decimal Classification |
| Koha item type | Books |
| Lost status | Source of classification or shelving scheme | Damaged status | Not for loan | Collection code | Permanent Location | Current Location | Shelving location | Date acquired | Source of acquisition | Cost, normal purchase price | Total Checkouts | Full call number | Date last seen | Copy number | Koha item type |
|---|---|---|---|---|---|---|---|---|---|---|---|---|---|---|---|
| Dewey Decimal Classification | Non-fiction | Central Library, University of Rajshahi | Central Library, University of Rajshahi | 17/01/1988 | Library | 15.00 | B 891.441 SOM 1976 | 17/08/2016 | C-2 | Books |